000 00429nam a2200157 a 4500
005 20140414132106.0
008 100902s19uu xx 00 eng d
020 _a9780439934428
050 _aFIC
_bM46 2005
100 _aMeadows, Daisy
245 _aJoy the summer vvacation fairy /
_cby Daisy Meadows.
250 _aSpecial edition
260 _aNew York :
_bScholastic,
_c2005.
440 _aRainbow magic
999 _c114601
_d114601